00483nam a22001457a 450000500170000000800410001702000280005804100130008608200130009910000410011224500710015326000610022430000260028565000260031120240122084730.0240122b |||||||| |||| 00| 0 eng d a0409003301 ; 0409003883 aEnglish  a349 JOU  aJoubert, WA and Scott, TJ lEnglish  aThe Law of South Africa : Trade Marks / cWA Joubert and TJ Scott  aDurban : bButterworth and Publishers (Pty) Ltd, c1995  b155 pages ; c26 cm.  aLegal practice bLaw